1826 1867 1141 1677 1772 1690 1747 1249 1176 1574 1172 1987 1247 1258 1479 1268 1831 1297 1776 1305 1094 1222 1791 1144 1936 1971 1695 1406 1077 1766 1572 1863 1170 1375 1132 1493 1676 1067 1187 1433 1929 1230 1360 1566 1300 1995 1366 1274 1016 1482 1330 1375 1690 1472 1653 2000 1309 1205 1866 1106 1102 1036 1959 1005 1960 1123 1461 1295 1940 1027 1674 1175 1257 1651 1151 1288 1859 1723 1636 1792 1215 1886 1413 1828 1949 1946 1884 1605 1501 1263 1012 1907 1877 1688 1359 1108 1395 1251 1174 BCNSPRNW ULIB Ver.6.0+V

เปลี่ยนเป็นภาษาไทย

Change to English
 แสดงรายละเอียดบรรณานุกรม
  กลับหน้าหลัก

Brief Record : Get Marc (ISO 2709) : E-mail record : QR code < ปิดหน้าต่าง
LEADER : 00000nam 2200000uu 4500
001    13399108479
003     ULIB
008    110304s2544||||th 000 0 tha d
060  4 QV76^bส652ย 2544
110 1  กระทรวงสาธารณสุข^bสำนักงานคณะกรรมการอาหารและยา
245 00 ยา PPA(Phenylpropanolamine) เรื่องจริงที่ต้องรู้/^cสำนักงานคณะกรรมการอาหารและยา
260    กรุงเทพฯ:^bสำนักงานคณะกรรมการอาหารและยา,^c2544
300    120 หน้า
650  7 PPA
650  7 ยาแก้หวัด
650  7 ยาแก้ไอ
650  7 ยาลดน้ำมูก
650  7 ฟินิย์ลโปรปาโนลามีน
945    ^p0^l0^i013524
945    ^p0^l0^i013525
995    ทศพร
999 ^a ใช้งานได้ทุกระบบ
รายการนี้ยังไม่มีแท็ก
คุณยังไม่ได้ล็อกอิน คุณสามารถมีกิจกรรมร่วมกับเว็บไซต์ได้ แต่ต้องล็อกอินก่อน ::
  ล็อกอิน

รายการสื่อสารสนเทศ

ลำดับที่ ประเภท เลขเรียก/บาร์โค้ด สถานที่ สถานะ
- ไม่พบข้อมูล -

รายการใกล้เคียง
    หัวเรื่อง [ยาแก้หวัด]
    หัวเรื่อง [ยาแก้ไอ]
    หัวเรื่อง [ยาลดน้ำมูก]

BibComment


ยังไม่เคยถูกคอมเมนท์

คอมเมนท์ทรัพยากรรายการนี้
  คอมเมนท์: ยา PPAPhenylpropa..


 Copyright 2026. Bcnsprnw @Library